000 00825nam2a2200205 4500
001 RU\NLR\PER_A\002782895_001050
005 20250624042125.0
035 _a(NLR Aleph) 012465210
090 _a12046947
_c12046947
100 _a20210303d2020 |||y0rusy50 ca
101 0 _arus
102 _aRU
200 0 _a2020, № 4 (61) (с указ.)
210 _d2020
_aБ. м.
461 0 _1001RU\NLR\Per\483350
_12001#$aНаркоконтроль$eфедеральный журнал$fИзд. группа "Юрист"$v2020, № 4 (61) (с указ.)
_92421834
_cМосква
_d2005 -
_fИзд. группа "Юрист"
_nЮрист
_oфедеральный журнал
_tНаркоконтроль
_x2072-4160
_v2020, № 4 (61) (с указ.)
852 _aNLR
_jП23/6541
942 _cISSUE
980 _aNB
980 _aRUSPER